000
00285nam a22001097a 4500
999
_c
4618
_d
4618
008
250306b ||||| |||| 00| 0 eng d
020
_a
9780316266994
082
_a
FIC FIN
100
_a
FINN,PERDITA
_e
AUTHOR
245
_a
LITTLE PONY
_b
TWILIGHT'S SPARKLY SLEEPOVER SURPRISE
942
_2
ddc